00825nam a2200217 a 450000100100000000500170001000800410002702000150006804000250008308200150010810000440012324500660016726000590023330000280029250000330032050400360035371000730038904900090046295201190047199900170059000001652220200929164926.0100308s1998 mx a 000 0 spa d a9684443439 aDO-SdBNPbspacBNPHU axxxbC157c1 aCalleja Bernal, Francisco Javier93675810aContabilidad financiera 2 /cFrancisco Javier Calleja Bernal. aMéxico D.F. :bAddison Wesley LongmanbITESM,c1998. a247 p. :bil. ;c27 cm. aIncluye índice de materias aIncluye bibliografía [p. 243]2 aInstituto Tecnológico y de Estudios Superiores de Monterrey936759 aBNPD 001054708MOaGRbGRcCTd2010-03-08iLF1l0oxxx C157cp16522-10r2020-06-25w2020-06-25y4ZPréstamo en sala c16056d16056